British History by Letter - C - Statistics

General Stats
  • This quiz has been taken 1,877 times
    1,661 since last reset
  • The average score is 10 of 17
Answer Stats
Hint Answer % Correct
British Prime Minister during World War II Winston Churchill
92%
Roman General that twice attempted to invade Great Britain Julius Caesar
89%
King convicted and executed for high treason at the culmination of the English Civil War Charles I
88%
English General who ruled as Lord Protector after the abolition of the monarchy Oliver Cromwell
86%
Explorer that became the first European to circumnavigate New Zealand Captain James Cook
81%
First conducted in 1801, it recorded the population of England, Scotland and Wales at close to 9 million Census
81%
John Snow is the first to link contaminated water supplies with this disease Cholera
77%
Author of the Canterbury Tales Geoffrey Chaucer
76%
Supersonic passenger airliner that completed the fastest transatlantic flight between New York JFK and London Heathrow Concorde
71%
War fought between the United Kingdom, Ottoman Empire, France, Sardinia and Russia Crimean War
66%
After the implementation of the Perth Agreement, this Princess is the first to rank above her younger brother in the line of succession Princess Charlotte
66%
England's last French possession, its loss described as a 'dreadful misfortune' by Mary I Calais
60%
The final confrontation of the Jacobite uprising, the last battle fought on British soil Battle of Culloden
27%
The repeal of these laws is seen as a decisive policy shift towards free trade Corn Laws
24%
Usurper proclaimed Emperor of Rome by the Legions of York Constantine I
23%
Preceded by his reputation as a great warrior, Richard I is often remembered more commonly by this epithet Cœur de Lion
20%
Lead conspirator of the Gunpowder Plot Robert Catesby
13%
No matching quizzes found
Score Distribution
Percent of People with Each Score
Percentile by Number Answered
Your Score History
You have not taken this quiz since the last reset